[Event "Hyderabad op 1st"]
[Site "Hyderabad"]
[Date "2006.03.02"]
[Round "7"]
[White "Gokhale, Chandrashekhar"]
[Black "Sharma, Vikash"]
[Result "1/2-1/2"]
[WhiteElo "2368"]
[BlackElo "2225"]
[PlyCount "71"]
[EventDate "2006.02.25"]
[EventType "swiss"]
[EventRounds "10"]
[EventCountry "IND"]
[SourceTitle "CBM 111 Extra"]
[Source "ChessBase"]
[SourceDate "2006.05.09"]
[SourceVersion "1"]
[SourceVersionDate "2006.05.09"]
[SourceQuality "1"]

1. e4 c5 2. Nf3 Nc6 3. Bb5 g6 4. 0-0 Bg7 5. Bxc6 dxc6 6. d3 Nf6 7. Nc3 0-0 8. h3 Nd7 9. Bg5 Re8 10. Qd2 f6 11. Bh6 e5 12. Nh2 Nf8 13. Bxg7 Kxg7 14. f4 Be6 15. fxe5 fxe5 16. Nf3 Nd7 17. Nd1 Qe7 18. Qc3 Qd6 19. Ne3 b5 20. b3 Rf8 21. Kh2 a5 22. a4 b4 23. Qb2 Rf6 24. Ng5 Qd4 25. Nxe6+ Rxe6 26. Qc1 Rf6 27. Ng4 Rf4 28. g3 Rxf1 29. Qh6+ Kg8 30. Rxf1 Rf8 31. Rxf8+ Nxf8 32. Qg5 h5 33. Nh6+ Kh7 34. Qe7+ Kxh6 35. Qxf8+ Kh7 36. Qf7+ 1/2-1/2

[Event "Commonwealth-ch"]
[Site "Mumbai"]
[Date "2004.01.17"]
[Round "8"]
[White "Prathamesh, Sunil Mokal"]
[Black "Sharma, Vikash"]
[Result "1/2-1/2"]
[WhiteElo "2343"]
[BlackElo "2208"]
[PlyCount "62"]
[EventDate "2004.01.10"]
[EventType "swiss"]
[EventRounds "9"]
[EventCountry "IND"]
[SourceTitle "EXT 2006"]
[Source "ChessBase"]
[SourceDate "2005.11.24"]
[SourceVersion "1"]
[SourceVersionDate "2005.11.24"]
[SourceQuality "1"]

1. e4 c5 2. Nf3 Nc6 3. d4 cxd4 4. Nxd4 Nf6 5. Nc3 e5 6. Ndb5 d6 7. Nd5 Nxd5 8. exd5 Nb8 9. c4 a6 10. Nc3 Be7 11. Bd3 0-0 12. 0-0 f5 13. f4 Nd7 14. Be3 exf4 15. Bxf4 Ne5 16. c5 Qa5 17. cxd6 Bxd6 18. Kh1 Bd7 19. Qb3 Qd8 20. Ne2 Qf6 21. Bxe5 Bxe5 22. Ng1 b5 23. Rab1 Rad8 24. Nf3 Bb8 25. a4 bxa4 26. Qb7 Be8 27. Qxa6 Rd6 28. Qc4 Kh8 29. Bxf5 Qh6 30. Qc8 Rxd5 31. Rbe1 Qd6 1/2-1/2